00271 2200121 4500245005200000250001100052100001000063650001600073005001900089260001800108041001400126336000900140 aLAPORAN KARYA SISWAb : KUPU-KUPUcRIFAIhText aCet. 1 aRIFAI aKarya Siswa a20240829114200 aJakartac2024 aIndonesia atext